Industrial valuations

Bibliographic Details
Main Authors: Karslake, H. Howard (Author), Nicholls, A. Donald (Author)
Format: Book
Language:English
Published: London : The Estate Gazette Ltd 1974
Subjects:

MARC

LEADER 00000cam a2200000 7i4500
001 0000009237
005 20240910.0
008 240910 enk eng
040 |a INS   |b eng   |e rda 
090 0 0 |a HD2765   |b K37 1974 
100 1 |a Karslake, H. Howard ,   |e author 
245 1 0 |a Industrial valuations   |c by H. Howard Karslake and A. Donald Nicholls 
264 1 |a London :   |b The Estate Gazette Ltd   |c 1974 
300 |a 285 pagea ;   |c 22 cm. 
336 |a text  |2 rdacontent 
337 |a unmediated  |2 rdamedia 
338 |a volume  |2 rdacarrier 
650 0 |a Industry   |x Valuations 
700 1 |a Nicholls, A. Donald ,   |e author 
999 |a 0000022334   |b BOOK   |c Open Shelf   |e Default branch 
999 |a 0000025006   |b BOOK   |c Open Shelf   |e Default branch